Statistics for Interpol top leader countries

Click here to take the quiz!

General Stats

  • This quiz has been taken 9 times
  • The average score is 15 of 19

Answer Stats

How many?Country?% Correct
2Belgium
100%
2Canada
100%
5France
100%
5Germany
100%
1Japan
100%
1Portugal
100%
1South Korea
100%
1Spain
100%
2United Kingdom
100%
2United States
100%
1China
89%
2Sweden
89%
5Austria
78%
1Chile
78%
1Singapore
67%
1Finland
56%
1South Africa
44%
1Philippines
33%
1West Germany
0%

Score Distribution

Percentile by Number Answered

Percent of People with Each Score

Your Score History

You have not taken this quiz